භූගො ්ල විද්‍යා ව ප්‍රශ්න පත්‍ර A/L /

Saved in:
Bibliographic Details
Format: Book
Language:English
Published: කො ලඹ, සතර ;
Edition:භූගො ්ල විද්‍යා ව ප්‍රශ්න
Tags: Add Tag
No Tags, Be the first to tag this record!

MARC

LEADER 00000nam a22000007a 4500
003 LK-ApPL
005 20250814152434.0
008 250814b |||||||| |||| 00| 0 eng d
040 |a සිංහල ,  |d LK-ApPL 
041 |h සිංහල , 
082 |2 23  |a 910 
245 |a භූගො ්ල විද්‍යා ව ප්‍රශ්න පත්‍ර A/L / 
250 |a භූගො ්ල විද්‍යා ව ප්‍රශ්න 
260 |a කො ලඹ,  |b සතර ;  |g 2011-2017 
300 |a සෙ.මි.28  |c පි.390 ; 
942 |c LBK 
999 |c 23857  |d 23857